|
|
|
|
| LEADER |
01747nam a2200397 a 4500 |
| 001 |
37813 |
| 003 |
BD-DhAAL |
| 005 |
20250527115959.0 |
| 008 |
220222t2005 bg b 101 0 eng |
| 010 |
|
|
|a 2006454096
|
| 020 |
|
|
|a 9843229169
|
| 025 |
|
|
|a B-E-2006-454096; 22
|
| 037 |
|
|
|b Library of Congress -- New Delhi Overseas Office
|c Tk270.00 ($20.00 U.S.)
|
| 040 |
|
|
|a DLC
|c DLC
|d DLC
|d BD-DhAAL
|
| 042 |
|
|
|a lcode
|
| 050 |
0 |
0 |
|a HM1271
|b .R436 2005
|
| 082 |
|
|
|a 323.6095492
|2 22
|
| 245 |
0 |
0 |
|a Reflections on diversity and citizenship :
|b Bangladesh and beyond /
|c editor Mesbah Kamal ; co-editors, Monjur Rashid, Shahnaz Yasmeen, Zaki Hasan.
|
| 246 |
3 |
0 |
|a Diversity and Citizenship
|
| 250 |
|
|
|a First edition.
|
| 260 |
|
|
|a Dhaka :
|b Shrabon Prokashani,
|c 2005.
|
| 300 |
|
|
|a 272 pages ;
|c 23 cm.
|
| 504 |
|
|
|a Includes bibliographical references.
|
| 520 |
|
|
|a Contributed articles presented earlier at a seminar held in Dhaka, Septemebr, 2005 coordinated by ActionAid Bangladesh, Reflect Development Unit..
|
| 541 |
|
|
|a Complimentary copy from BIED
|e 37813
|
| 650 |
|
0 |
|a Multiculturalism
|v Congresses.
|9 45998
|
| 650 |
|
0 |
|a Citizenship
|v Congresses.
|9 45999
|
| 700 |
1 |
|
|a Kāmāla, Mesabāha.
|9 46000
|
| 700 |
1 |
|
|a Rashid, Mansoora,
|d 1958-
|9 46001
|
| 700 |
1 |
|
|a Yasmeen, Shahnaz.
|9 46002
|
| 700 |
1 |
|
|a Hasan, Zaki,
|d 1977-
|9 46003
|
| 710 |
2 |
|
|a ActionAid Bangladesh.
|b Reflect Development Unit.
|9 46004
|
| 852 |
|
|
|a Ayesha Abed Library
|c BIED Collection
|
| 942 |
|
|
|2 ddc
|c BK
|
| 999 |
|
|
|c 43559
|d 43559
|
| 952 |
|
|
|0 0
|1 0
|2 ddc
|4 0
|6 323_609549200000000_REF
|7 0
|9 69862
|a BRACUL
|b BRACUL
|c GEN
|d 2022-02-22
|e Complimentary copy from BIED
|l 1
|o 323.6095492 REF
|p 3010037813
|r 2024-02-08
|s 2024-02-06
|t 1
|w 2022-02-22
|y BK
|x Transferred from BIED to General Stacks
|